000 00692nam a22001817a 4500
999 _c17905
_d17905
003 OSt
005 20230127132533.0
008 230127b ||||| |||| 00| 0 eng d
040 _c0
082 _aDPer 910.46 T156 2019 v76PA-76PB
100 _aMattila, Anna S.
_eauthor.
_947637
245 _aA commentary on cross-cultural research in hospitality & tourism inquiry (invited paper for 'luminaries' special issue of international journal of hospitality management) /
_cAnna S. Mattila.
260 _aAmsterdam :
_bElsevier,
_c©January 2019.
300 _av 76PB, pages 10-12.
650 _aHospitality industry.
_947638
700 _aMattila, Anna S.
_eauthor.
_947637
942 _2ddc
_cPER